000 01121nam a22003137a 4500
003 CHAP
005 20220329141103.0
008 971013s1996 r 00010 d
010 _a62399
011 _a63371
035 _a67547
040 _cCHAP
082 _a630.71
_bG64
100 0 0 _aGonzález Marín, Silvia.
_949137
245 _aHistoria de la hacienda de Chapingo
260 _aChapingo, Méx. :
_bUACH. Centro de Investigaciones Económicas, Sociales y Tecnológicas de la Agroindustria y la Agricultura Mundial,
_c1996
300 _a193 p.
_b: ilus.
590 _aBATCH-UPD
_b10
_c20130110
_lUCH01
_h0741
590 _aBATCH-UPD
_b10
_c20130410
_lUCH01
_h0423
590 _aBATCH-UPD
_b10
_c20130914
_lUCH01
_h1302
590 _aCONVERSION
_b10
_c20130109
_lUCH01
_h1333
650 1 4 _aENA
_xHistoria.
_936672
650 1 4 _aHaciendas
_xMéxico (Edo.)
_952166
650 1 4 _aUACH
_xHistoria.
_9115803
901 _aBK
942 _cLIBRO
949 _a630.71 G64
_bBC
_cLIBRO
_d33724000643623
_eLIBRO
_h92118
_i67547
_so
_t40.00
949 _a630.71 G64
_bBC
_cUACH
_d33724000643508
_eUACH
_fc.2
_gI. c/e
_h92119
_i67547
_sb
_t40.00
999 _c62399
_d62399